Handbook of environmental and resource economics / (Record no. 234797)
[ view plain ]
| 000 -LEADER | |
|---|---|
| fixed length control field | 01155cam a2200289 a 4500 |
| 001 - CONTROL NUMBER | |
| control field | 3090076 |
| 003 - CONTROL NUMBER IDENTIFIER | |
| control field | Nust |
| 005 - DATE AND TIME OF LATEST TRANSACTION | |
| control field | 20170330165829.0 |
| 008 - FIXED-LENGTH DATA ELEMENTS--GENERAL INFORMATION | |
| fixed length control field | 980825s1999 enka b 001 0 eng |
| 010 ## - LIBRARY OF CONGRESS CONTROL NUMBER | |
| LC control number | 98042887 |
| 020 ## - INTERNATIONAL STANDARD BOOK NUMBER | |
| International Standard Book Number | 1858983754 |
| 040 ## - CATALOGING SOURCE | |
| Original cataloging agency | DLC |
| Transcribing agency | DLC |
| Modifying agency | DLC |
| 050 00 - LIBRARY OF CONGRESS CALL NUMBER | |
| Classification number | 333.7 BER |
| Item number | H3284 1999 |
| 082 00 - DEWEY DECIMAL CLASSIFICATION NUMBER | |
| Classification number | 333.7 BER |
| Edition number | 21 |
| 245 00 - TITLE STATEMENT | |
| Title | Handbook of environmental and resource economics / |
| Statement of responsibility, etc. | Edited by Jeroen C.J.M. van den Bergh. |
| 260 ## - PUBLICATION, DISTRIBUTION, ETC. | |
| Place of publication, distribution, etc. | Cheltenham, UK ; |
| -- | Northampton, Mass. : |
| Name of publisher, distributor, etc. | Edward Elgar Pub., |
| Date of publication, distribution, etc. | c1999. |
| 300 ## - PHYSICAL DESCRIPTION | |
| Extent | xxv, 1300 p. : |
| Other physical details | ill. ; |
| Dimensions | 24 cm. |
| 500 ## - GENERAL NOTE | |
| General note | P.B |
| 504 ## - BIBLIOGRAPHY, ETC. NOTE | |
| Bibliography, etc. note | Includes bibliographical references and indexes. |
| 650 #0 - SUBJECT ADDED ENTRY--TOPICAL TERM | |
| Topical term or geographic name entry element | Environmental policy. |
| 650 #0 - SUBJECT ADDED ENTRY--TOPICAL TERM | |
| Topical term or geographic name entry element | Natural resources. |
| 650 #0 - SUBJECT ADDED ENTRY--TOPICAL TERM | |
| Topical term or geographic name entry element | Economics. |
| 700 1# - ADDED ENTRY--PERSONAL NAME | |
| Personal name | Bergh, Jeroen C. J. M. van den, |
| Dates associated with a name | 1965- |
| 906 ## - LOCAL DATA ELEMENT F, LDF (RLIN) | |
| a | 7 |
| b | cbc |
| c | orignew |
| d | 1 |
| e | ocip |
| f | 19 |
| g | y-gencatlg |
| 942 ## - ADDED ENTRY ELEMENTS (KOHA) | |
| Source of classification or shelving scheme | |
| Koha item type | Book |
| Call number prefix | 333.7 BER |
| Withdrawn status | Lost status | Source of classification or shelving scheme | Damaged status | Not for loan | Collection code | Permanent Location | Current Location | Shelving location | Date acquired | Full call number | Barcode | Date last seen | Price effective from | Koha item type |
|---|---|---|---|---|---|---|---|---|---|---|---|---|---|---|
| Central Library (CL) | Central Library (CL) | General Stacks | 03/30/2017 | 333.7 BER | IESE-3932 | 03/30/2017 | 03/30/2017 | Reference |
